Angielski 1, S - Statystyki

Ogólne statystyki
  • Ten quiz został rozwiązany 23 razy
  • Średni wynik to 12 z 28
Statystyki odpowiedzi
Hint Odpowiedź % Poprawnych
sekretarz secretary
75%
rozdział, sekcja section
69%
sprzedaż sale
63%
poważny serious
63%
odczucie, poczucie, sens sense
56%
od, odkąd since
56%
rodzaj, typ, sortować sort
56%
przyklejać, kij, pałeczka stick
56%
dziwny, obcy strange
56%
nauka science
50%
społeczeństwo, towarzystwo society
50%
wzrok, widok, dostrzegać sight
44%
znak, oznaka, podpisywać sign
44%
przechowywać, składować, sklep store
44%
zdanie, wyrok, skazywać sentence
38%
usługa, pomoc service
38%
nagle, niespodziewanie suddenly
38%
kolacja, wieczerza supper
38%
obsługiwać, służyć serve
31%
ostry, gwałtowny, wyraźny sharp
31%
temat, przedmiot, badana osoba subject
31%
oddzielny, odrębny separate
25%
zamykać shut
25%
szprycha, szczebel drabiny, mówił spoke
25%
twierdzenie, oświadczenie statement
25%
taki, podobny such
25%
kilka, parę several
19%
dostarczać, zaopatrywać supply
13%
Nie znaleziono quizów pasujących do podanych kryteriów
Rozkład punktacji
Procent ludzi z każdym wynikiem
Percentyl według liczby udzielonych odpowiedzi
Twoja historia wyników
Nie rozwiązałeś tego quizu